| 000 | 00639nam a2200253Ia 4500 | ||
|---|---|---|---|
| 003 | 0100 | ||
| 008 | 130303s9999 xx 000 0 und d | ||
| 020 | _a310260108 | ||
| 040 | _cARRUPELIB | ||
| 050 | _aBS490.H4 1978 | ||
| 100 | _aHenry, Matthew | ||
| 245 | _aCommentary on the whole Bible | ||
| 245 | _bGenesis to Revelation | ||
| 250 | _anew one vol. ed. | ||
| 260 | _aGrand Rapids | ||
| 260 | _bZondervan Publishing House | ||
| 260 | _C1980 | ||
| 300 | _aix | ||
| 300 | _b 1986 p. 25 cm | ||
| 650 | _aBIBLE | ||
| 650 | _bIslamic countries--Description and travel | ||
| 700 | _aChurch, Leslie F. (ed.) | ||
| 942 | 0 | 0 | _02 |
| 999 |
_c14670 _d14670 |
||